00558nam a22001577a 450000500170000002000240001703500130004103700130005410000190006724501020008626000420018830000190023094200240024999900170027395201100029020170828144332.0 a8170003121c1200.00 aB-058635 aDPLbENG aDhyani, Pushpa aDhyani's glossarium of Library and Information Science terms :bEngligh-Hindi /cby Pushpa Dhyani aNew DelhibEss Ess Publicationsc2002 a589p.c20 cms. 2ddccENh020.3mDHY c63272d63272 001040708NFICaZLSbZLSd2012-02-21g1200.00l0o020.3 DHYpB-058635r2012-02-21 00:00:00v1200.00yEN